000 00609nam a2200193Ia 4500
003 OSt
005 20251222114635.0
008 Pun
037 _cTB
040 _aARTS
_cARTS
_bPun
041 _2Pun
_aPun
084 _aO44,1:g 153K3;L6
_qAL
100 _aਸਿੰਘ, ਪ੍ਰੇਮ ਪ੍ਰਕਾF
_9157631
245 0 _aਭਾਰਤੀ ਕਾਵਿ Fਾਸਤਰ
260 _aਲੁੁਧਿਆਣਾ
_b ਸਾਹੈਰ ਬੁਕ Fਾਪ
_c1976
300 _a282ਪੰ
_ccm.
942 _hO44,1:g, 153L6
_cTB
_2CC
_n0
999 _c368625
_d368625